Face value (Record no. 3293)
[ view plain ]
| 000 -LEADER | |
|---|---|
| fixed length control field | 00630 a2200181 4500 |
| 020 ## - INTERNATIONAL STANDARD BOOK NUMBER | |
| Terms of availability | 595.00 |
| 035 ## - SYSTEM CONTROL NUMBER | |
| System control number | B-79265 |
| 037 ## - SOURCE OF ACQUISITION | |
| Source of stock number/acquisition | RP-L-25 / UBH-03-04:SPL CH / RP-03-04:ENG |
| 082 14 - DEWEY DECIMAL CLASSIFICATION NUMBER | |
| Classification number | 332.6322 |
| 090 ## - LOCALLY ASSIGNED LC-TYPE CALL NUMBER (OCLC); LOCAL CALL NUMBER (OCLC) | |
| -- | 3360 |
| -- | 3360 |
| 100 1# - MAIN ENTRY--PERSONAL NAME | |
| Personal name | Basu, Debashis |
| 245 1# - TITLE STATEMENT | |
| Title | Face value |
| Remainder of title | creation and destruction of shareholder value in India |
| Statement of responsibility, etc | by Debashis Basu |
| 260 ## - PUBLICATION, DISTRIBUTION, ETC. (IMPRINT) | |
| Place of publication, distribution, etc | Mumbai |
| Name of publisher, distributor, etc | Ken Source Informatins Service |
| Date of publication, distribution, etc | (200?) |
| 300 ## - PHYSICAL DESCRIPTION | |
| Extent | xii, 366 p |
| Other physical details | ill |
| Dimensions | 21.5 cm (HB) |
| 500 ## - GENERAL NOTE | |
| General note | this is non dated edition |
| 942 ## - ADDED ENTRY ELEMENTS (KOHA) | |
| Institution code [OBSOLETE] | dpl |
| Koha item type | English Books |
| Call number prefix | 332.6322 / BAS |
| Withdrawn status | Lost status | Source of classification or shelving scheme | Damaged status | Not for loan | Collection code | Home library | Current library | Cost, normal purchase price | Total Checkouts | Full call number | Barcode | Date last seen | Uniform Resource Identifier | Cost, replacement price | Price effective from | Koha item type |
|---|---|---|---|---|---|---|---|---|---|---|---|---|---|---|---|---|
| Dewey Decimal Classification | Non-fiction | Central Library | Central Library | 595.00 | 332.6322 BAS | B-79265 | 15/09/2008 | 3507 | 595.00 | 15/09/2008 | English Books |
